000 02846cgm a2200745Ii 4500
001 on1344334791
003 OCoLC
005 20230524125853.0
007 vd cvaizu
008 220913s2022 xxu813 g vleng d
010 _abe2022027957
040 _aNjBwBT
_beng
_erda
_cCGL
_dOCLCF
_dWACOL
024 1 _a610583664690
024 7 _a00610583664690
_2gtin-14
028 4 2 _a64690-X
_bTime Life
035 _a(OCoLC)1344334791
041 0 _aeng
_heng
046 _k1976
_l2018
050 1 4 _aM1630.18.A97
_bC68 2022
082 0 4 _a782.421642
_223/eng/20220907
092 _advd
_bAustin
049 _aWACL
130 0 _aAustin city limits (Television program).
_kSelections.
_96467961
245 1 0 _aAustin city limits.
_pCountry /
_cKLRU Austin.
246 3 0 _aCountry
264 1 _a[United States] :
_bTime Life,
_c[2022]
300 _a10 videodiscs (813 min.) :
_bsound, color ;
_c4 3/4 in.
336 _atwo-dimensional moving image
336 _aperformed music
337 _avideo
338 _avideodisc
344 _adigital
_boptical
_2rda
344 _gunknown
_hunknown
346 _bNTSC
_2rda
347 _avideo file
_eregion 1
_2rda
347 _bDVD video
380 _aTelevision program
518 _aOriginally broadcast on television 1976-2018.
511 0 _aLoretta Lynn, Willie Nelson, Marty Robbins, Buck Owens, Garth Brooks [and others].
500 _aWide screen 1.85:1.
500 _aBonus DVD with 1974 pilot episode featuring a complete Willie Nelson concert in container.
500 _aFeatures: bonus interviews.
520 _aPresents performances by country music stars on "Austin city limits."
540 _aFor private home use only.
521 8 _aTV rating: Not rated.
521 _advd
_bMicromarketing
655 7 _aConcert television programs.
_2fast
_0(OCoLC)fst01726207
_95870427
655 7 _aCountry music.
_2fast
_0(OCoLC)fst01726574
655 7 _aDocumentary television programs.
_2fast
_0(OCoLC)fst01710387
655 7 _aNonfiction television programs.
_2fast
_0(OCoLC)fst01710270
_95674022
655 7 _aTelevised performances.
_2fast
_0(OCoLC)fst01726266
_96467962
655 7 _aTelevision series.
_2fast
_0(OCoLC)fst01710566
655 7 _aCountry music.
_2lcgft
655 7 _aConcert television programs.
_2lcgft
_95870427
655 7 _aTelevised performances.
_2lcgft
_96467962
655 7 _aDocumentary television programs.
_2lcgft
655 7 _aTelevision series.
_2lcgft
655 7 _aNonfiction television programs.
_2lcgft
_95674022
700 1 _aLynn, Loretta,
_eperformer.
700 1 _aNelson, Willie,
_d1933-
_eperformer.
_917359
700 1 _aRobbins, Marty,
_eperformer.
_918797
700 1 _aOwens, Buck,
_d1929-2006,
_eperformer.
_933712
700 1 _aBrooks, Garth,
_eperformer.
994 _aC0
_bWACOL
999 _c384591
_d384591